Quiz o Wybrzeżu Kości Słoniowej - Statystyki

Ogólne statystyki
  • Ten quiz został rozwiązany 1 099 razy
  • Średni wynik to 10 z 16
Statystyki odpowiedzi
Pytanie Odpowiedź % Poprawnych
Państwo z bardzo podobną flagą:
Irlandia
92%
Oficjalny język francuski
86%
Państwa graniczące Ghana
86%
Państwa graniczące Burkina Faso
81%
Państwa graniczące Gwinea
81%
Państwa graniczące Mali
81%
Państwa graniczące Liberia
80%
Król strzelców wszechczasów reprezentacji Wybrzeża Kości Słoniowej(inicjały D.D.) Didier Drogba
64%
Stolica Jamusukro
62%
Najludniejsze miasto Abidżan
49%
Bazylika Matki Bożej Pokoju w stolicy Wybrzeża Kości Słoniowejto jeden z największych kościołów świata. Który kościół Watykanu zainspirował jego projekt? Bazylika ŚwiętegoPiotra
47%
Wybrzeże Kości Słoniowej jest największym producentem tego ziarna Kakao
45%
Jak nazywa się przydomek reprezentacji Wybrzeża Kości Słoniowej w piłce nożnej? Słonie
45%
Amerykański piosenkarz pop, który został ogłoszony królem królestwa Sanwi w Wybrzeżu Kości Słoniowej w 1992 roku Michael Jackson
40%
Oficjalna nazwa WKS według Organizacji Narodów Zjednoczonych Côte d'Ivoire
39%
Produkt z soku drzewnego, który jest jednym z najważniejszychproduktów eksportowych Wybrzeża Kości Słoniowej Kauczuk
31%
Nie znaleziono quizów pasujących do podanych kryteriów
Rozkład punktacji
Procent ludzi z każdym wynikiem
Percentyl według liczby udzielonych odpowiedzi
Twoja historia wyników
Nie rozwiązałeś tego quizu